000 00916nam a2200265 i 4500
001 15695
003 ES-MaACL
005 20250630032856.0
007 t|
008 000504s1989 sp ||||0| spa d
016 7 _zCEN920048987
020 _a84-7793-024-4
040 _aM-BN
_bspa
_cCEN
080 _a633.1(460.16)"1589/1841":338.5
100 1 _aArizcun Cela, Alejandro.
_922878
245 1 0 _aSeries navarras de precios de cereales, 1589-1841 /
_cAlejandro Arizcun Cela.
260 _aMadrid :
_bBanco de España, Servicio de Estudios,
_cD.L. 1989.
300 _a110 p. ;
_c24 cm.
490 1 _aEstudios de historia económica ;
_v18
650 1 4 _aCereales-
_xPrecios-
_zNavarra (Comunidad Autónoma)-
_yS.XVI-XIX.
_910902
710 2 0 _aBanco de España
_92104
830 0 _aEstudios de historia económica ;
_v18
_9179607
852 _aES-MaACL
_jL-22988
_bR.117008
999 _c15695
_d15695